<?xml version="1.0" encoding="UTF-8"?>
<record
    xmlns:xsi="http://www.w3.org/2001/XMLSchema-instance"
    xsi:schemaLocation="http://www.loc.gov/MARC21/slim http://www.loc.gov/standards/marcxml/schema/MARC21slim.xsd"
    xmlns="http://www.loc.gov/MARC21/slim">

  <leader>00836nam a2200265 a 4500</leader>
  <datafield tag="999" ind1=" " ind2=" ">
    <subfield code="c">35887</subfield>
    <subfield code="d">35887</subfield>
  </datafield>
  <controlfield tag="005">20190917120104.0</controlfield>
  <controlfield tag="008">071121s2008    nyu           000 1 eng  </controlfield>
  <datafield tag="010" ind1=" " ind2=" ">
    <subfield code="a">B-416774-786</subfield>
  </datafield>
  <datafield tag="020" ind1=" " ind2=" ">
    <subfield code="a">9781905654338</subfield>
    <subfield code="c">299.00</subfield>
  </datafield>
  <datafield tag="035" ind1=" " ind2=" ">
    <subfield code="a">B-416774-786</subfield>
  </datafield>
  <datafield tag="037" ind1=" " ind2=" ">
    <subfield code="b">UBH</subfield>
  </datafield>
  <datafield tag="040" ind1=" " ind2=" ">
    <subfield code="a">dpl</subfield>
    <subfield code="b">English </subfield>
  </datafield>
  <datafield tag="082" ind1=" " ind2=" ">
    <subfield code="a">N</subfield>
  </datafield>
  <datafield tag="100" ind1=" " ind2=" ">
    <subfield code="a">Cast, P. C.</subfield>
    <subfield code="9">21381</subfield>
  </datafield>
  <datafield tag="245" ind1=" " ind2=" ">
    <subfield code="a">Chosen :</subfield>
    <subfield code="b">a house of night novel /</subfield>
    <subfield code="c">by P.C. Cast [and] Kristin Cast</subfield>
  </datafield>
  <datafield tag="260" ind1=" " ind2=" ">
    <subfield code="a">London</subfield>
    <subfield code="b">Atom </subfield>
    <subfield code="c">2009(repr.). </subfield>
  </datafield>
  <datafield tag="270" ind1=" " ind2=" ">
    <subfield code="a">100 Victoria Embankment </subfield>
    <subfield code="b">London </subfield>
  </datafield>
  <datafield tag="300" ind1=" " ind2=" ">
    <subfield code="a">323p. ;</subfield>
    <subfield code="c">21 cm(pbk) </subfield>
  </datafield>
  <datafield tag="650" ind1=" " ind2=" ">
    <subfield code="a">Vampires</subfield>
    <subfield code="v">Fiction.</subfield>
    <subfield code="9">21382</subfield>
  </datafield>
  <datafield tag="655" ind1=" " ind2=" ">
    <subfield code="a">Fantasy fiction.</subfield>
    <subfield code="2">gsafd</subfield>
  </datafield>
  <datafield tag="655" ind1=" " ind2=" ">
    <subfield code="a">Occult fiction.</subfield>
    <subfield code="2">gsafd</subfield>
  </datafield>
  <datafield tag="700" ind1=" " ind2=" ">
    <subfield code="a">Cast, Kristin</subfield>
    <subfield code="9">21385</subfield>
  </datafield>
  <datafield tag="942" ind1=" " ind2=" ">
    <subfield code="2">ddc</subfield>
    <subfield code="c">EN</subfield>
    <subfield code="m">CAS</subfield>
    <subfield code="h">N</subfield>
  </datafield>
  <datafield tag="952" ind1=" " ind2=" ">
    <subfield code="0">0</subfield>
    <subfield code="1">3</subfield>
    <subfield code="2">ddc</subfield>
    <subfield code="4">0</subfield>
    <subfield code="7">0</subfield>
    <subfield code="8">FIC</subfield>
    <subfield code="a">L</subfield>
    <subfield code="b">L</subfield>
    <subfield code="d">2010-09-24</subfield>
    <subfield code="e">UBH/054/22.7.10/64/1.7.10/27.7.10</subfield>
    <subfield code="g">299.00</subfield>
    <subfield code="l">0</subfield>
    <subfield code="o">N CAS</subfield>
    <subfield code="p">B-416774</subfield>
    <subfield code="r">2010-09-24 00:00:00</subfield>
    <subfield code="t">1</subfield>
    <subfield code="v">299.00</subfield>
    <subfield code="y">EN</subfield>
  </datafield>
  <datafield tag="952" ind1=" " ind2=" ">
    <subfield code="0">0</subfield>
    <subfield code="1">0</subfield>
    <subfield code="2">ddc</subfield>
    <subfield code="4">0</subfield>
    <subfield code="7">0</subfield>
    <subfield code="8">FIC</subfield>
    <subfield code="a">BL1</subfield>
    <subfield code="b">BL1</subfield>
    <subfield code="d">2010-09-24</subfield>
    <subfield code="e">UBH/054/22.7.10/64/1.7.10/27.7.10</subfield>
    <subfield code="g">299.00</subfield>
    <subfield code="l">0</subfield>
    <subfield code="o">N CAS</subfield>
    <subfield code="p">B-416775</subfield>
    <subfield code="r">2010-09-24 00:00:00</subfield>
    <subfield code="t">1</subfield>
    <subfield code="v">299.00</subfield>
    <subfield code="w">2010-09-24</subfield>
    <subfield code="y">EN</subfield>
  </datafield>
  <datafield tag="952" ind1=" " ind2=" ">
    <subfield code="0">0</subfield>
    <subfield code="1">0</subfield>
    <subfield code="2">ddc</subfield>
    <subfield code="4">0</subfield>
    <subfield code="7">0</subfield>
    <subfield code="8">FIC</subfield>
    <subfield code="a">JP</subfield>
    <subfield code="b">JP</subfield>
    <subfield code="d">2010-09-24</subfield>
    <subfield code="e">UBH/054/22.7.10/64/1.7.10/27.7.10</subfield>
    <subfield code="g">299.00</subfield>
    <subfield code="l">16</subfield>
    <subfield code="m">2</subfield>
    <subfield code="o">N CAS</subfield>
    <subfield code="p">B-416776</subfield>
    <subfield code="r">2021-12-04 00:00:00</subfield>
    <subfield code="s">2012-07-19</subfield>
    <subfield code="t">2</subfield>
    <subfield code="v">299.00</subfield>
    <subfield code="w">2010-09-24</subfield>
    <subfield code="y">EN</subfield>
  </datafield>
  <datafield tag="952" ind1=" " ind2=" ">
    <subfield code="0">0</subfield>
    <subfield code="1">0</subfield>
    <subfield code="2">ddc</subfield>
    <subfield code="4">0</subfield>
    <subfield code="7">0</subfield>
    <subfield code="8">FIC</subfield>
    <subfield code="a">JP</subfield>
    <subfield code="b">JP</subfield>
    <subfield code="d">2010-09-24</subfield>
    <subfield code="e">UBH/054/22.7.10/64/1.7.10/27.7.10</subfield>
    <subfield code="g">299.00</subfield>
    <subfield code="l">36</subfield>
    <subfield code="m">3</subfield>
    <subfield code="o">N CAS</subfield>
    <subfield code="p">B-416777</subfield>
    <subfield code="r">2019-04-30 00:00:00</subfield>
    <subfield code="s">2019-04-20</subfield>
    <subfield code="t">2</subfield>
    <subfield code="v">299.00</subfield>
    <subfield code="w">2010-09-24</subfield>
    <subfield code="y">EN</subfield>
  </datafield>
  <datafield tag="952" ind1=" " ind2=" ">
    <subfield code="0">0</subfield>
    <subfield code="1">0</subfield>
    <subfield code="2">ddc</subfield>
    <subfield code="4">0</subfield>
    <subfield code="7">0</subfield>
    <subfield code="8">FIC</subfield>
    <subfield code="a">ZLS</subfield>
    <subfield code="b">ZLS</subfield>
    <subfield code="d">2010-09-24</subfield>
    <subfield code="e">UBH/054/22.7.10/64/1.7.10/27.7.10</subfield>
    <subfield code="g">299.00</subfield>
    <subfield code="l">0</subfield>
    <subfield code="o">N CAS</subfield>
    <subfield code="p">B-416778</subfield>
    <subfield code="r">2010-09-24 00:00:00</subfield>
    <subfield code="t">1</subfield>
    <subfield code="v">299.00</subfield>
    <subfield code="y">EN</subfield>
  </datafield>
  <datafield tag="952" ind1=" " ind2=" ">
    <subfield code="0">0</subfield>
    <subfield code="1">0</subfield>
    <subfield code="2">ddc</subfield>
    <subfield code="4">0</subfield>
    <subfield code="7">0</subfield>
    <subfield code="8">FIC</subfield>
    <subfield code="a">RKP</subfield>
    <subfield code="b">RKP</subfield>
    <subfield code="d">2010-09-24</subfield>
    <subfield code="e">UBH/054/22.7.10/64/1.7.10/27.7.10</subfield>
    <subfield code="g">299.00</subfield>
    <subfield code="l">1</subfield>
    <subfield code="o">N CAS</subfield>
    <subfield code="p">B-416779</subfield>
    <subfield code="r">2018-12-21 00:00:00</subfield>
    <subfield code="s">2018-12-17</subfield>
    <subfield code="t">1</subfield>
    <subfield code="v">299.00</subfield>
    <subfield code="w">2010-09-24</subfield>
    <subfield code="y">EN</subfield>
  </datafield>
  <datafield tag="952" ind1=" " ind2=" ">
    <subfield code="0">1</subfield>
    <subfield code="1">0</subfield>
    <subfield code="2">ddc</subfield>
    <subfield code="4">0</subfield>
    <subfield code="7">0</subfield>
    <subfield code="8">FIC</subfield>
    <subfield code="a">AG</subfield>
    <subfield code="b">AG</subfield>
    <subfield code="d">2010-09-24</subfield>
    <subfield code="e">UBH/054/22.7.10/64/1.7.10/27.7.10</subfield>
    <subfield code="g">299.00</subfield>
    <subfield code="l">0</subfield>
    <subfield code="o">N CAS</subfield>
    <subfield code="p">B-416780</subfield>
    <subfield code="r">2010-09-24 00:00:00</subfield>
    <subfield code="t">1</subfield>
    <subfield code="v">299.00</subfield>
    <subfield code="w">2010-09-24</subfield>
    <subfield code="y">EN</subfield>
  </datafield>
  <datafield tag="952" ind1=" " ind2=" ">
    <subfield code="0">0</subfield>
    <subfield code="1">0</subfield>
    <subfield code="2">ddc</subfield>
    <subfield code="4">0</subfield>
    <subfield code="7">0</subfield>
    <subfield code="8">FIC</subfield>
    <subfield code="a">SP</subfield>
    <subfield code="b">SP</subfield>
    <subfield code="d">2010-09-24</subfield>
    <subfield code="e">UBH/054/22.7.10/64/1.7.10/27.7.10</subfield>
    <subfield code="g">299.00</subfield>
    <subfield code="l">2</subfield>
    <subfield code="o">N CAS</subfield>
    <subfield code="p">B-416781</subfield>
    <subfield code="r">2019-05-28 00:00:00</subfield>
    <subfield code="s">2019-05-23</subfield>
    <subfield code="t">1</subfield>
    <subfield code="v">299.00</subfield>
    <subfield code="w">2010-09-24</subfield>
    <subfield code="y">EN</subfield>
  </datafield>
  <datafield tag="952" ind1=" " ind2=" ">
    <subfield code="0">0</subfield>
    <subfield code="1">0</subfield>
    <subfield code="2">ddc</subfield>
    <subfield code="4">0</subfield>
    <subfield code="7">0</subfield>
    <subfield code="8">FIC</subfield>
    <subfield code="a">VP</subfield>
    <subfield code="b">VP</subfield>
    <subfield code="d">2010-09-24</subfield>
    <subfield code="e">UBH/054/22.7.10/64/1.7.10/27.7.10</subfield>
    <subfield code="g">299.00</subfield>
    <subfield code="l">17</subfield>
    <subfield code="o">N CAS</subfield>
    <subfield code="p">B-416782</subfield>
    <subfield code="r">2022-03-22 00:00:00</subfield>
    <subfield code="s">2021-04-15</subfield>
    <subfield code="t">1</subfield>
    <subfield code="v">299.00</subfield>
    <subfield code="w">2010-09-24</subfield>
    <subfield code="y">EN</subfield>
  </datafield>
  <datafield tag="952" ind1=" " ind2=" ">
    <subfield code="0">0</subfield>
    <subfield code="1">0</subfield>
    <subfield code="2">ddc</subfield>
    <subfield code="4">0</subfield>
    <subfield code="7">0</subfield>
    <subfield code="8">FIC</subfield>
    <subfield code="a">BL3</subfield>
    <subfield code="b">BL3</subfield>
    <subfield code="d">2010-09-24</subfield>
    <subfield code="e">UBH/054/22.7.10/64/1.7.10/27.7.10</subfield>
    <subfield code="g">299.00</subfield>
    <subfield code="l">0</subfield>
    <subfield code="o">N CAS</subfield>
    <subfield code="p">B-416783</subfield>
    <subfield code="r">2010-09-24 00:00:00</subfield>
    <subfield code="t">1</subfield>
    <subfield code="v">299.00</subfield>
    <subfield code="w">2010-09-24</subfield>
    <subfield code="y">EN</subfield>
  </datafield>
  <datafield tag="952" ind1=" " ind2=" ">
    <subfield code="0">0</subfield>
    <subfield code="1">5</subfield>
    <subfield code="2">ddc</subfield>
    <subfield code="4">0</subfield>
    <subfield code="7">0</subfield>
    <subfield code="8">FIC</subfield>
    <subfield code="a">NR</subfield>
    <subfield code="b">NR</subfield>
    <subfield code="d">2010-09-24</subfield>
    <subfield code="e">UBH/054/22.7.10/64/1.7.10/27.7.10</subfield>
    <subfield code="g">299.00</subfield>
    <subfield code="l">0</subfield>
    <subfield code="o">N CAS</subfield>
    <subfield code="p">B-416784</subfield>
    <subfield code="r">2010-09-24 00:00:00</subfield>
    <subfield code="t">1</subfield>
    <subfield code="v">299.00</subfield>
    <subfield code="y">EN</subfield>
  </datafield>
  <datafield tag="952" ind1=" " ind2=" ">
    <subfield code="0">0</subfield>
    <subfield code="1">0</subfield>
    <subfield code="2">ddc</subfield>
    <subfield code="4">0</subfield>
    <subfield code="7">0</subfield>
    <subfield code="8">FIC</subfield>
    <subfield code="a">BN</subfield>
    <subfield code="b">BN</subfield>
    <subfield code="d">2010-09-24</subfield>
    <subfield code="e">UBH/054/22.7.10/64/1.7.10/27.7.10</subfield>
    <subfield code="g">299.00</subfield>
    <subfield code="l">4</subfield>
    <subfield code="m">0</subfield>
    <subfield code="o">N CAS</subfield>
    <subfield code="p">B-416785</subfield>
    <subfield code="r">2020-02-06 00:00:00</subfield>
    <subfield code="s">2020-02-06</subfield>
    <subfield code="t">1</subfield>
    <subfield code="v">299.00</subfield>
    <subfield code="w">2010-09-24</subfield>
    <subfield code="y">EN</subfield>
  </datafield>
  <datafield tag="952" ind1=" " ind2=" ">
    <subfield code="0">0</subfield>
    <subfield code="1">0</subfield>
    <subfield code="2">ddc</subfield>
    <subfield code="4">0</subfield>
    <subfield code="7">0</subfield>
    <subfield code="8">FIC</subfield>
    <subfield code="a">BL4</subfield>
    <subfield code="b">BL4</subfield>
    <subfield code="d">2010-09-24</subfield>
    <subfield code="e">UBH/054/22.7.10/64/1.7.10/27.7.10</subfield>
    <subfield code="g">299.00</subfield>
    <subfield code="l">0</subfield>
    <subfield code="o">N CAS</subfield>
    <subfield code="p">B-416786</subfield>
    <subfield code="r">2010-09-24 00:00:00</subfield>
    <subfield code="t">1</subfield>
    <subfield code="v">299.00</subfield>
    <subfield code="w">2010-09-24</subfield>
    <subfield code="y">EN</subfield>
  </datafield>
</record>
